000 00294 a2200097 4500
001 31564
100 _aAhsen Muhammad Chaudhri
245 _aPakistan and the Regional Pacts: A Study of Pakistan's Foreign Policy 1947-54 v 42
260 _aKarachi
_bRoyal Book Co
_c1988
090 _c21419
_d21419
942 _aNUST-CAE
_cM
_c12691
999 _c266637
_d266637